000 01110nam a2200229Ia 4500
999 _c52134
_d52134
001 19141
003 GE_BSU
005 20210415114729.0
008 181216s2013||||ge |||||||||||||| ||geo||
040 _cGE_BSU
041 _ageo
080 _a82 ს-96
100 _aსურმანიძე, ნაილე
_911370
245 _aმურღულის ხეობის მეტყველების თავისებურებანი /
_cნაილე სურმანიძე; მეცნ. ხელმძღვ. მ. ფაღავა; ბათუმის შოთა რუსთაველის სახ-ფო უნ-ტი.
264 _aბათუმი,
_c2013.
300 _a134 გვ. ;
_b30 სმ.
653 _aდისერტაცია
653 _aლიტმცოდნეობა
653 _aმურღულის ხეობის მეტყველების თავისებურებანი.
700 _aფაღავა, მ.
_eმეცნიერ ხელმძღვანელი
_91854
942 _cBK
_2udc